Welcome to WEB OPAC of MRSPTU Central Library

Integrated Plant Disease Management (Record no. 10422)

MARC details
000 -LEADER
fixed length control field 00463nam a22001937a 4500
003 - CONTROL NUMBER IDENTIFIER
control field OSt
005 - DATE AND TIME OF LATEST TRANSACTION
control field 20241104145925.0
008 - FIXED-LENGTH DATA ELEMENTS--GENERAL INFORMATION
fixed length control field 241104b |||||||| |||| 00| 0 eng d
040 ## - CATALOGING SOURCE
Transcribing agency MRSPTU
041 ## - LANGUAGE CODE
Language code of text/sound track or separate title ENG
082 ## - DEWEY DECIMAL CLASSIFICATION NUMBER
Classification number 632.3
Item number SH-I
100 ## - MAIN ENTRY--PERSONAL NAME
Personal name Sharma , R.C.
245 ## - TITLE STATEMENT
Title Integrated Plant Disease Management
260 ## - PUBLICATION, DISTRIBUTION, ETC.
Place of publication, distribution, etc. Jodhpur
Name of publisher, distributor, etc. Scientific Pub.
Date of publication, distribution, etc. 2021
300 ## - PHYSICAL DESCRIPTION
Extent 362
650 ## - SUBJECT ADDED ENTRY--TOPICAL TERM
Topical term or geographic name entry element Agriculture
700 ## - ADDED ENTRY--PERSONAL NAME
Personal name Sharma, J.N.
942 ## - ADDED ENTRY ELEMENTS (KOHA)
Source of classification or shelving scheme Dewey Decimal Classification
Koha item type Book
Suppress in OPAC No
Holdings
Withdrawn status Lost status Source of classification or shelving scheme Damaged status Not for loan Home library Current library Date acquired Total checkouts Full call number Barcode Date last seen Price effective from Koha item type
    Dewey Decimal Classification     MRSPTU Central Library MRSPTU Central Library 11/04/2024   632.3 SH-I 41757 11/04/2024 11/04/2024 Book
    Dewey Decimal Classification     MRSPTU Central Library MRSPTU Central Library 11/04/2024   632.3 SH-I 41758 11/04/2024 11/04/2024 Book
    Dewey Decimal Classification     MRSPTU Central Library MRSPTU Central Library 11/04/2024   632.3 SH-I 41759 11/04/2024 11/04/2024 Book

Website Designed and Developed by MRSPTU Central Library Team

E-mail Id: librarian@mrsptu.ac.in